| 000 -CABECERA |
| fixed length control field |
01619nam a22002777a 4500 |
| 003 - IDENTIFICADOR DEL NÚMERO DE CONTROL |
| control field |
AR-CdUCM |
| 008 - DATOS DE LONGITUD FIJA--INFORMACIÓN GENERAL |
| fixed length control field |
190315b ||||| |||| 00| 0 spa d |
| 040 ## - FUENTE DE LA CATALOGACIÓN |
| Agencia/entidad que catalogó originalmente la obra |
MUNICIPALIDAD PROVINCIAL DEL CUSCO |
| Entidad que transcribió la catalogación |
BIBLIOTECA MUNICIPAL DEL CUSCO |
| 082 ## - NÚMERO DE LA CLASIFICACIÓN DECIMAL DEWEY |
| No. de Clasificación |
030 / |
| Notacion interna |
D98 |
| 110 ## - ENTRADA PRINCIPAL--NOMBRE DE ENTIDAD CORPORATIVA |
| Nombre de la institución, jurisdicción como entrada principal |
Ediciones Durvan |
| 9 (RLIN) |
18235 |
| 245 ## - MENCIÓN DE TÍTULO |
| Título |
Gran Enciclopedia del Mundo / |
| Resto del título |
bajo los auspicios de Ramón Menéndez Pidal y la colaboración especial de 19 premios Nobel / |
| 260 ## - PUBLICACIÓN, DISTRIBUCIÓN, ETC. |
| Lugar de publicación, distribución, etc. |
Bilbao : |
| Nombre de la editorial, distribuidor, etc. |
Durvan, |
| -- |
Marín, |
| Fecha de publicación, distribución, etc. |
1964. |
| 300 ## - DESCRIPCIÓN FÍSICA |
| Nº de Páginas Extensión |
20 tomos : |
| Otros detalles físicos |
ilustraciones, mapas, cuadros, |
| Dimensiones |
25cm. |
| 505 ## - NOTA DE CONTENIDO CON FORMATO |
| Nota de contenido formateada |
Contenido: t.1: A a Andamán -- t.2. Andarai a Ayuthia -- t.3. Ayutla a Buceo -- t.4. Bucer a Cerusita -- t.5. Cervantes a Crosopterigios -- t.6. Cross a Eco -- t.7. Ecolalia a Españoleto -- t.8. Espárrago a Francio -- t.9. Francis a Gutagamba -- t.11. Intoxicación a Linotipia -- t12. Lins a Metepec -- t.13 Metge a Nitrogenoideos -- Nitrogenoideos a Pericraneo -- t.5 Peripotita a quimica general -- t.16. Química tecnológica a Santaella -- t.17. Santa Eufemia a Templarios -- t.18. Temple a Vía láctea -- t.19. Viale a Zyl. Metrología, índice y mapas -- t.20. Lexico Español port.- ingl.-fra.- alem.-ital.-ruso -- |
| 650 ## - PUNTO DE ACCESO ADICIONAL DE MATERIA--TÉRMINO DE MATERIA |
| Descriptor |
Enciclopedias |
| 9 (RLIN) |
6681 |
| 650 ## - PUNTO DE ACCESO ADICIONAL DE MATERIA--TÉRMINO DE MATERIA |
| Descriptor |
Diccionarios |
| 9 (RLIN) |
5105 |
| 650 ## - PUNTO DE ACCESO ADICIONAL DE MATERIA--TÉRMINO DE MATERIA |
| Descriptor |
Mundial |
| 9 (RLIN) |
11401 |
| 650 ## - PUNTO DE ACCESO ADICIONAL DE MATERIA--TÉRMINO DE MATERIA |
| Descriptor |
Literatura |
| 9 (RLIN) |
83 |
| 650 ## - PUNTO DE ACCESO ADICIONAL DE MATERIA--TÉRMINO DE MATERIA |
| Descriptor |
Colección |
| 9 (RLIN) |
2826 |
| 650 ## - PUNTO DE ACCESO ADICIONAL DE MATERIA--TÉRMINO DE MATERIA |
| Descriptor |
Universal |
| 9 (RLIN) |
18236 |
| 700 ## - PUNTO DE ACCESO ADICIONAL--NOMBRE DE PERSONA |
| Nombre Personal |
Biosca, Francsico (director) |
| 9 (RLIN) |
18237 |
| 700 ## - PUNTO DE ACCESO ADICIONAL--NOMBRE DE PERSONA |
| Nombre Personal |
Rodrigo, Luis (producción) |
| 9 (RLIN) |
18238 |
| 942 ## - ELEMENTOS DE PUNTO DE ACCESO ADICIONAL (KOHA) |
| Fuente de clasificación |
|
| Tipo de item |
Libros-BMC |
| 945 ## - PROCESAMIENTO DE INFORMACIÓN LOCAL (OCLC) |
| Catalogador |
pjha |